NBA All-Stars by Team 1980-1998 - Statistics

General Stats
  • This quiz has been taken 947 times
    498 since last reset
  • The average score is 101 of 170
Answer Stats
TEAM SEASON POS PLAYER % Correct
Los Angeles Lakers 1980, 1982-1992 PG Magic Johnson
96%
Boston Celtics 1980-1988, 1990-1992 SF Larry Bird
94%
Chicago Bulls 1985-1993, 1996-1998 SG Michael Jordan
94%
Chicago Bulls 1990, 1992-1997 SF Scottie Pippen
93%
Los Angeles Lakers 1997, 1998 C Shaquille O'Neal
93%
Orlando Magic 1993-1996 C Shaquille O'Neal
93%
Boston Celtics 1985 PG Dennis Johnson
92%
Phoenix Suns 1981, 1982 PG Dennis Johnson
92%
Seattle SuperSonics 1980 PG Dennis Johnson
92%
Atlanta Hawks 1980, 1981 SF Eddie Johnson
92%
Phoenix Suns 1990, 1991, 1994 PG Kevin Johnson
92%
Charlotte Hornets 1993, 1995 F Larry Johnson
92%
Los Angeles Clippers 1986 SF Marques Johnson
92%
Milwaukee Bucks 1980, 1981, 1983 SF Marques Johnson
92%
Portland Trail Blazers 1988 C Steve Johnson
92%
Washington Bullets 1986, 1987 SG Jeff Malone
91%
Los Angeles Lakers 1980-1989 C Kareem Abdul-Jabbar
91%
Utah Jazz 1988-1998 PF Karl Malone
91%
Atlanta Hawks 1989 C Moses Malone
91%
Houston Rockets 1980-1982 C Moses Malone
91%
Philadelphia 76ers 1983, 1985, 1986 C Moses Malone
91%
Washington Bullets 1987, 1988 C Moses Malone
91%
New York Knicks 1986, 1988-1997 C Patrick Ewing
91%
Indiana Pacers 1990, 1995, 1996, 1998 SG Reggie Miller
91%
Detroit Pistons 1990, 1992 PF Dennis Rodman
90%
Houston Rockets 1985-1990, 1992-1997 C Hakeem Olajuwon
90%
Detroit Pistons 1982-1993 PG Isiah Thomas
90%
Houston Rockets 1997 PF Charles Barkley
89%
Philadelphia 76ers 1987-1992 PF Charles Barkley
89%
Phoenix Suns 1993-1996 PF Charles Barkley
89%
Portland Trail Blazers 1994 PF Cliff Robinson
89%
San Antonio Spurs 1990-1996, 1998 C David Robinson
89%
Phoenix Suns 1981 PF Truck Robinson
89%
Atlanta Hawks 1986-1994 SF Dominique Wilkins
88%
Utah Jazz 1989-1997 PG John Stockton
88%
Minnesota Timberwolves 1997, 1998 PF Kevin Garnett
88%
Orlando Magic 1995-1998 PG Penny Hardaway
88%
Boston Celtics 1981-1987, 1990, 1991 C Robert Parish
88%
Golden State Warriors 1991-1993 PG Tim Hardaway
88%
Miami Heat 1997, 1998 PG Tim Hardaway
88%
Charlotte Hornets 1994, 1995 C Alonzo Mourning
86%
Miami Heat 1996, 1997 C Alonzo Mourning
86%
Houston Rockets 1996, 1997 SG Clyde Drexler
86%
Portland Trail Blazers 1986, 1988-1994 SG Clyde Drexler
86%
Atlanta Hawks 1997, 1998 C Dikembe Mutombo
86%
Denver Nuggets 1992, 1995, 1996 C Dikembe Mutombo
86%
Boston Celtics 1984, 1986-1991 PF Kevin McHale
86%
Seattle SuperSonics 1994-1998 PG Gary Payton
85%
Los Angeles Lakers 1986-1992 SF James Worthy
85%
Los Angeles Lakers 1998 SG Kobe Bryant
85%
San Antonio Spurs 1998 PF Tim Duncan
84%
Philadelphia 76ers 1980-1987 SF Julius Erving
82%
Cleveland Cavaliers 1998 PF Shawn Kemp
82%
Seattle SuperSonics 1993-1997 PF Shawn Kemp
82%
Golden State Warriors 1989-1993 SF Chris Mullin
79%
Dallas Mavericks 1996 PG Jason Kidd
79%
Phoenix Suns 1998 PG Jason Kidd
79%
Detroit Pistons 1990-1993, 1995, 1997 SG Joe Dumars
79%
Denver Nuggets 1982-1989 SF Alex English
77%
Detroit Pistons 1995-1998 SF Grant Hill
75%
Chicago Bulls 1994 PF Horace Grant
75%
Cleveland Cavaliers 1995 PF Tyrone Hill
74%
Detroit Pistons 1983-1985, 1987 C Bill Laimbeer
72%
Atlanta Hawks 1998 SG Steve Smith
72%
Cleveland Cavaliers 1989, 1992-1994 PG Mark Price
70%
Philadelphia 76ers 1981, 1982 PF Bobby Jones
69%
Los Angeles Lakers 1997, 1997 SG Eddie Jones
69%
San Antonio Spurs 1980-1985 SG George Gervin
69%
New Jersey Nets 1998 FC Jayson Williams
68%
New Jersey Nets 1982, 1983, 1986 PF Buck Williams
67%
Washington Bullets 1997 PF Chris Webber
67%
Seattle SuperSonics 1982, 1983 PG Gus Williams
67%
Charlotte Hornets 1996-1998 SF Glen Rice
66%
Milwaukee Bucks 1991 SG Alvin Robertson
63%
San Antonio Spurs 1986-1988 SG Alvin Robertson
63%
Chicago Bulls 1994 PG B.J. Armstrong
63%
New York Knicks 1994 SG John Starks
61%
Utah Jazz 1989 C Mark Eaton
61%
Sacramento Kings 1993-1998 SG Mitch Richmond
61%
Houston Rockets 1984-1987 C Ralph Sampson
61%
Golden State Warriors 1982 SF Bernard King
60%
New York Knicks 1984, 1985 SF Bernard King
60%
Washington Bullets 1991 SF Bernard King
60%
New York Knicks 1989 PG Mark Jackson
60%
Milwaukee Bucks 1982-1986 SG Sidney Moncrief
60%
Chicago Bulls 1981, 1982 C Artis Gilmore
59%
San Antonio Spurs 1983, 1986 C Artis Gilmore
59%
Dallas Mavericks 1984, 1987, 1988 SF Mark Aguirre
59%
Boston Celtics 1998 F Antoine Walker
58%
Golden State Warriors 1994, 1995, 1997 SG Latrell Sprewell
58%
Indiana Pacers 1998 C Rik Smits
58%
Utah Jazz 1980-1982, 1984-1986 SF Adrian Dantley
57%
Indiana Pacers 1993 SF Detlef Schrempf
57%
Seattle SuperSonics 1995, 1997 SF Detlef Schrempf
57%
New York Knicks 1994 PF Charles Oakley
56%
Washington Bullets 1980 PF Elvin Hayes
55%
Los Angeles Lakers 1990 PF A.C. Green
54%
Utah Jazz 1984 PG Rickey Green
54%
Cleveland Cavaliers 1988, 1989, 1991-1993 C Brad Daugherty
53%
Seattle SuperSonics 1983 SG David Thompson
52%
Phoenix Suns 1980, 1981, 1984, 1987 SG Walter Davis
52%
Philadelphia 76ers 1983, 1986-1988 PG Maurice Cheeks
51%
Boston Celtics 1992 SF Reggie Lewis
51%
Seattle SuperSonics 1980-1985 C Jack Sikma
50%
Boston Celtics 1980-1982 PG Nate Archibald
50%
Los Angeles Lakers 1998 PG Nick Van Exel
50%
Boston Celtics 1988 SG Danny Ainge
49%
Milwaukee Bucks 1991 SG Ricky Pierce
49%
Dallas Mavericks 1985-1987, 1990 SG Rolando Blackman
48%
Phoenix Suns 1989-1991 PF Tom Chambers
48%
Seattle SuperSonics 1987 PF Tom Chambers
48%
Portland Trail Blazers 1991, 1993 PG Terry Porter
46%
Atlanta Hawks 1988 PG Doc Rivers
44%
Denver Nuggets 1988, 1990 PG Fat Lever
44%
Cleveland Cavaliers 1989, 1993 PF Larry Nance
44%
Phoenix Suns 1985 PF Larry Nance
44%
Milwaukee Bucks 1995-1997 PF Vin Baker
44%
Seattle SuperSonics 1998 PF Vin Baker
44%
Boston Celtics 1980 C Dave Cowens
43%
New Jersey Nets 1994 FC Derrick Coleman
42%
Phoenix Suns 1992, 1993, 1995 SG Dan Majerle
40%
Phoenix Suns 1992 SG Jeff Hornacek
40%
Los Angeles Clippers 1985 PG Norm Nixon
40%
Los Angeles Lakers 1982 PG Norm Nixon
40%
San Diego Clippers 1980 SG World B. Free
40%
Washington Bullets 1996 PF Juwan Howard
39%
Seattle SuperSonics 1989 SG Dale Ellis
37%
Portland Trail Blazers 1989, 1991 C Kevin Duckworth
37%
San Antonio Spurs 1993, 1996 SF Sean Elliott
37%
Atlanta Hawks 1992 C Kevin Willis
36%
New York Knicks 1980 C Bill Cartwright
34%
Milwaukee Bucks 1982 C Bob Lanier
33%
Los Angeles Clippers 1993, 1994 PF Danny Manning
33%
New Jersey Nets 1994 PG Kenny Anderson
33%
Houston Rockets 1992 PF Otis Thorpe
33%
Milwaukee Bucks 1985, 1989 PF Terry Cummings
33%
Los Angeles Lakers 1981, 1983 SF Jamaal Wilkes
32%
Phoenix Suns 1983 PF Maurice Lucas
32%
Washington Bullets 1992 PG Michael Adams
32%
Minnesota Timberwolves 1997 PF Tom Gugliotta
32%
Los Angeles Lakers 1995 SF Cedric Ceballos
31%
Portland Trail Blazers 1983, 1984 SG Jim Paxson
31%
Atlanta Hawks 1994 PG Mookie Blaylock
31%
Denver Nuggets 1983, 1984 SF Kiki Vandeweghe
30%
Atlanta Hawks 1997 PF Christian Laettner
29%
Phoenix Suns 1980 SG Paul Westphal
29%
Seattle SuperSonics 1981 SG Paul Westphal
29%
Chicago Bulls 1981, 1983 SG Reggie Theus
29%
Philadelphia 76ers 1991 SG Hersey Hawkins
27%
New Jersey Nets 1985 PG Micheal Ray Richardson
27%
New York Knicks 1980-1982 PG Micheal Ray Richardson
27%
Dallas Mavericks 1988 C James Donaldson
26%
Seattle SuperSonics 1988 SF Xavier McDaniel
25%
Philadelphia 76ers 1983, 1984 SG Andrew Toney
24%
Golden State Warriors 1987 PG Sleepy Floyd
23%
Cleveland Cavaliers 1996, 1997 PG Terrell Brandon
23%
Philadelphia 76ers 1995 PG Dana Barros
19%
Detroit Pistons 1982, 1984 SF Kelly Tripucka
19%
Kansas City Kings 1980, 1981 SG Otis Birdsong
18%
New Jersey Nets 1984 SG Otis Birdsong
18%
Golden State Warriors 1987 C Joe Barry Carroll
17%
Dallas Mavericks 1997 PF Chris Gatling
14%
Portland Trail Blazers 1980 PF Kermit Washington
14%
Atlanta Hawks 1980 SF John Drew
13%
Cleveland Cavaliers 1981 SF Mike Mitchell
13%
Washington Bullets 1984 C Jeff Ruland
12%
Denver Nuggets 1985 SF Calvin Natt
10%
Atlanta Hawks 1980-1982 PF Dan Roundfield
10%
Seattle SuperSonics 1982 PF Lonnie Shelton
10%
Kansas City Kings 1980 SF Scott Wedman
10%
No matching quizzes found
Score Distribution
Percent of People with Each Score
Percentile by Number Answered
Your Score History
You have not taken this quiz since the last reset